UM Logo

Students exposure to stylistics approach in teaching and their linguistics competence in literary appreciation skills/ (Record no. 2855)

MARC details
000 -LEADER
fixed length control field 00659nam a22001577a 4500
008 - FIXED-LENGTH DATA ELEMENTS--GENERAL INFORMATION
fixed length control field 160528b xxu||||| |||| 00| 0 eng d
082 ## - DEWEY DECIMAL CLASSIFICATION NUMBER
Edition number 2009
Classification number UT 0646
Item number So45
100 ## - MAIN ENTRY--PERSONAL NAME
9 (RLIN) 9493
Personal name Solis, Kirsten Theres R.
245 ## - TITLE STATEMENT
Title Students exposure to stylistics approach in teaching and their linguistics competence in literary appreciation skills/
Statement of responsibility, etc. Kirsten Theres R. Solis, April Rose G. Lacumba and May Rose A. Navarro.
260 ## - PUBLICATION, DISTRIBUTION, ETC. (IMPRINT)
Place of publication, distribution, etc. Digos City:
Name of publisher, distributor, etc. UMDC
Date of publication, distribution, etc. November 2009.
300 ## - PHYSICAL DESCRIPTION
Extent 58 pages;
Dimensions 28 cm.
650 #0 - SUBJECT ADDED ENTRY--TOPICAL TERM
9 (RLIN) 9489
Topical term or geographic name as entry element Education
Form subdivision English
General subdivision Undergraduate thesis.
700 ## - ADDED ENTRY--PERSONAL NAME
9 (RLIN) 9486
Personal name Lacumba, April Rose G.
700 ## - ADDED ENTRY--PERSONAL NAME
9 (RLIN) 9487
Personal name Navarro, May Rose A.
942 ## - ADDED ENTRY ELEMENTS (KOHA)
Source of classification or shelving scheme Dewey Decimal Classification
Koha item type Undergraduate Thesis
Holdings
Withdrawn status Lost status Source of classification or shelving scheme Damaged status Not for loan Collection code Home library Current library Date acquired Total Checkouts Full call number Barcode Date last seen Price effective from Koha item type
    Dewey Decimal Classification     Undergraduate Theses UM Digos College - LIC UM Digos College - LIC 05/28/2016   UT 0646 So45 2009 UT0646 05/28/2016 05/28/2016 Undergraduate Thesis